| 000 | 00463nam a2200145 a 4500 | ||
|---|---|---|---|
| 001 | 000030879 | ||
| 005 | 20200930062551.0 | ||
| 008 | 110602s1981 dr 000 0 spa d | ||
| 040 |
_aDO-SdBNP _bspa _cBNPHU |
||
| 100 | 1 |
_aSantín Guerrero, Clodomiro _957412 |
|
| 245 | 1 | 4 |
_aLos cimarrones / _cClodomiro Santín Guerrero. |
| 260 |
_aSanto Domingo : _bSecretaría de Estado de Educación, Bellas Artes y Cultos, _c1981. |
||
| 300 |
_a295 p. ; _c23 cm. |
||
| 049 | _aBNPD | ||
| 999 |
_c30371 _d30371 |
||